| 000 | 01101nam a22002537a 4500 | ||
|---|---|---|---|
| 001 | 82326 | ||
| 003 | BD-RjUL | ||
| 005 | 20231121170736.0 | ||
| 008 | 231121s2019 bg a|||| m||| 00| 0 eng d | ||
| 035 | _a(BD-RjUL)82326 | ||
| 040 |
_aBD-RjUL _beng _cBD-RjUL _dBD-RjUL |
||
| 041 | _aeng | ||
| 082 |
_223 _a333.91 _bARL 2019 |
||
| 100 |
_aArifuzzaman, Md. _910141 |
||
| 245 | 1 | 0 |
_aLegal framework for ensuring sustainable water resources management in Bangladesh / _cRescarcher Md. Arifuzzaman ; _6Principal Supervisor : Mohammad. Abdul Hannan, Co-Supervisor : Md. Redwanur Rahman |
| 260 |
_aRajshahi : _bInstitute of Environmental Science (IES), University of Rajshahi, _c2019 |
||
| 300 |
_axxix, 303 leaves : _bill, ; _c29.cm. |
||
| 502 | _aThesis (Ph. D.) -- Institute of Environmental Science (IES), University of Rajshahi, 2019 | ||
| 504 | _aReferences : Leaves 256 - 267 | ||
| 650 |
_aWater resource management _vEconomics of land and energy _910142 |
||
| 700 |
_aHannan, Mohammad. Abdul, Principal Supervisor _96660 |
||
| 700 |
_aRahman, Md. Redwanur, Co-Supervisor _91867 |
||
| 942 |
_2ddc _cTHE |
||
| 999 |
_c82326 _d82326 |
||